000 00319nam a2200133Ia 4500
005 20251222141844.0
008 251222s9999||||xx |||||||||||||| ||spa||
020 _a970-26-0599-7
082 _a658.562/A39
100 _aAlexander Servat, Alberto G.
245 0 _aCalidad:
264 _bPearson Educación
942 _cLIB
999 _c7521
_d7521